| 000 | 00654nam a22002177a 4500 | ||
|---|---|---|---|
| 003 | OSt | ||
| 005 | 20251105050235.0 | ||
| 008 | 251105b |||||||| |||| 00| 0 eng d | ||
| 020 | _a978-971-06-4826-9 | ||
| 040 |
_aDWCL - Main Lib _cOC |
||
| 082 |
_aRes. 700 M297 2022 _bc3 |
||
| 100 | _aMiranda, Quennie S. | ||
| 245 |
_aMapeh for today's learner 7 / _cQuennie S. Miranda |
||
| 260 |
_aQuezon City, Philippines : _bPhoenix Publishing House, _cc2022 |
||
| 300 |
_avii, 423 pages : _billustrations ; _c25 cm. |
||
| 650 | _a1. Arts | ||
| 650 | _a2. Health | ||
| 650 | _a3. Music | ||
| 650 | _a4. Physical Education | ||
| 942 |
_2ddc _cBK-0 CIRC _mRes. _n0 |
||
| 999 |
_c5479 _d5479 |
||